000 01553namaa22003491i 4500
003 EG-GICUC
005 20260217152627.0
008 260217s1987 le ah||jr|||| 001 0 ara d
040 _aEG-GiCUC
_bara
_cEG-GiCUC
_dEG-GiCUC
_erda
082 0 4 _221
_a213
_bH129sh
092 0 4 _221
_a213
_bH129sh
099 _a213 H129sh
100 1 _a‏ابن ابي الحديد، عبد الحميد بن هبة الله
_d1191-1257 او 1258.
_eمؤلف.
245 1 _aشرح نهج البلاغة /
_cلابن أبى الحديد ؛ تحقيق محمد أبو الفضل
250 _aالطبعة الاولى
264 _aبيروت (لبنان) :
_bدار الجيل،
_c1987
300 _aمجلدات 20 فى 10 ؛
_bإيضاحيات، مثيليات ؛
_c24 سم
_eمجلد 1فهارس+
336 _2rdacontent
_atext
337 _2rdamedia
_aUnmediated
338 _2rdacarrier
_avolume
500 _aالمجلد العاشر (الفهارس العامة)
504 _aيشتمل على ارجاعات ببليوجرافية
541 _aد. جابر عصفور ؛
_bالقاهرة ؛
_cإهداء ؛
_d2024.
600 1 0 _a‏ابن ابي الحديد، عبد الحميد بن هبة الله
_d1191-1257 او 1258.
_tشرح نهج البلاغة
_910615
650 1 7 _aالوعظ و الارشاد
_2qrmak
650 1 7 _aالخطب الدينية
_2qrmak
650 1 7 _aالبلاغة العربية
_2qrmak
651 1 _2qrmak
700 1 _aإبراهيم، محمد أبو الفضل
_eمحقق.
905 _aHuda
942 _2ddc
_cBK
_e21
_n0
999 _c178577
_d178577